Statistiken für Beste Scorer der deutschen Basketballnationalmannschaft

Klicken Sie hier um das Quiz zu spielen!

Allgemein

  • Dieses Quiz wurde 52 mal gespielt
  • Das Durchschnittsergebnis liegt bei 6 aus 14

Antwortstatistiken

Jahr DebütSpielePunkte pro SpielSpieler% Korrekt
199715319,90Dirk Nowitzki
98%
20147919,27Dennis Schröder
96%
20222814,0Franz Wagner
84%
20192810,61Moritz Wagner
84%
20146810,21Daniel Theis
67%
19827119,13Detlef Schrempf
51%
20143011,0Maxi Kleber
38%
199517210,43Ademola Okulaja
11%
20082513,76Chris Kaman
9%
198618111,73Hans-Jürgen Gnad
7%
198410610,79Christian Welp
4%
198716912,3Henning Harnisch
4%
198411319,18Michael Jackel
4%
198514011,64Michael Koch
2%

Verteilung der Resultate

Perzentil nach korrekt beantworteten Fragen

Anzahl Personen mit jedem Resultat

Ihre Resultats-Entwicklung

Sie haben dieses Quiz noch nicht gespielt